LEADER 01362nam a2200289 u 4500 001 000000018163 003 CaOOAMICUS 005 20070226110637.0 008 941218s1905 it u000 u lat u 035 $a10426191 040 $aPUL(R)$bita 100 1 $aLega, Michele,$ccard.,$d1860-1935.$0(OLS)http://pul/name/16224 245 10$aPraelectiones textum Juris Canonici de iudiciis ecclesiasticis.$nI,$pDe iudiciis ecclesiasticis civilibus /$cin scholis Pont[ificium] Sem[inarium] Rom[anum] habitae a Michele Lega. 246 30$aDe iudiciis ecclesiasticis civilibus 250 $aEditio altera. 260 $aRomae :$bTyp. S. C. de Prop. Fide,$c1905. 300 $a635 p. ;$c22 cm 504 $aBibliografia in nota. 650 4$aDiritto canonico penale.$0(OLS)http://pul/subject/999 850 $aPUL 852 $aPUL$W1$xSL Diritto Canonico 1$y5$m154 D 11$j25589$nBK-PRI$b $qStampati$B25589$CPULBib$Z2$F25589 $H $81 941 1 $a8 960 $aDiritto penale canonico$9999 961 $aINV: 934 996 $6245$aPraelectiones textum Juris Canonici de iudiciis ecclesiasticis.$nI,$pDe iudiciis ecclesiasticis civilibus$9(OLS)http://pul/title/25924 996 $6246$aDe iudiciis ecclesiasticis civilibus$9(OLS)http://pul/title/25925 996 $6260$aRomae :$bTyp. S. C. de Prop. Fide$9(OLS)http://pul/publisher/55142 LEADER 01416nam a2200337 a 4500 001 000000133157 003 CaOOAMICUS 005 20130313143521.0 008 130313s2010 it u0000u ita r 020 $a978-88-6030-345-5 040 $aPUL$bita 041 1 $aita$heng 082 04$a153 100 1 $aNoë, Alva.$0(OLS)http://pul/name/85819 240 10$aOut of our heads.$lItaliano.$0(OLS)http://pul/title/168253 245 10$aPerchè non siamo il nostro cervello :$buna teoria radicale della coscienza /$cAlva Noë. 260 $aMilano :$bRaffaello Cortina,$c©2010. 300 $aXVIII, 215 p. ;$c23 cm. 490 1 $aScienza e idee ;$v202 504 $aBibliografia nelle note. 650 4$aIntelligenza.$0(OLS)http://pul/subject/12039 650 4$aCoscienza.$0(OLS)http://pul/subject/5039 830 0$aScienza e idee (Raffaello Cortina) ;$v202.$0(OLS)http://pul/title/60185 850 $aPUL 852 $aPUL$W1$xSL Filosofia 3$y81$m153 NOEAL 1$j153095$qDDC 21$B152591$CPULBib$Z2$F152591 $H121845 $82 941 1 $a9 996 $6020$a978-88-6030-345-5$9(OLS)http://pul/number/152131 996 $6082$a153$9(OLS)http://pul/classification/646 996 $6245$aPerchè non siamo il nostro cervello :$buna teoria radicale della coscienza$9(OLS)http://pul/title/168254 996 $6260$aMilano :$bRaffaello Cortina$9(OLS)http://pul/publisher/63509